000 00212nam a22000857a 4500
001 1236370
005 20251001164016.0
245 _aEVDE VE UZAKTA
_cCHRISTINE NÖSTLINGER
260 _bGÜNIŞIĞI KİTAPLIĞI YAYINLARI
999 _c1236370
_d1236370